|
|
|
|
| LEADER |
00000nab a2200000 a 4500 |
| 001 |
vtls001509604 |
| 003 |
SK-MaSNL |
| 005 |
20260303171805.0 |
| 008 |
050227s2001 xo 000 0 eng |
| 035 |
|
|
|a SPKCL11931
|
| 040 |
|
|
|a SPKCL
|b slo
|c SNKBUCL
|d ÚIP-SPK(IC)
|e AACR2
|
| 041 |
|
|
|a eng
|
| 044 |
|
|
|a xo
|c SK
|
| 080 |
|
|
|a 372.881.111.1:37.001.76:378.4(410)
|2 1981
|
| 100 |
1 |
|
|a Avery, Simon
|4 aut
|9 1196570
|
| 245 |
1 |
0 |
|a Improving Spoken and Written English: from research to practice
|c Simon Avery; Cordelia Bryan
|
| 520 |
|
|
|a Informácie o projekte univerzity v Cambridge. Zavádzanie inovácií vo výučbe anglického jazyka. Opis kurzov, ktorých vyučovacie metódy napomáhajú k zvyšovaniu štandardných jazykových znalostí vysokoškolských študentov. Možnosti ako si zvýšiť úroveň písomného a ústneho prejavu a ako dosiahnuť celkové zlepšenie znalostí v oblasti anglickej literatúry. Pedagogické prístupy a princípy, ktoré sú zárukou väčšej nezávislosti študentov v procese učenia a podpory celoživotného vzdelávania
|
| 650 |
0 |
7 |
|a angličtina
|x vyučovanie
|2 snkbucl
|9 18898
|
| 650 |
0 |
7 |
|a vyučovacie metódy
|2 snkbucl
|9 1521
|
| 651 |
|
7 |
|a Cambridge (Anglicko)
|2 snkbucl
|9 30992
|
| 700 |
1 |
|
|a Bryan, Cordelia
|4 aut
|9 1196571
|
| 773 |
1 |
|
|t Teaching in Higher Education
|g Roč. 6, č. 2 (2001), s. [169]-182
|
| 850 |
|
|
|a Slovenská pedagogická knižnica Bratislava
|
| 852 |
|
|
|a SPKCL
|b KIS3GCP
|b 000710000
|n SK
|
| 999 |
|
|
|c 2083374
|d 2085304
|